[Event "Geneva op A"]
[Site "Geneva SUI"]
[Date "2013.06.26"]
[Round "4.1"]
[White "Cornette, Matthieu"]
[Black "Hambleton, Aman"]
[Result "1-0"]
[WhiteElo "2578"]
[BlackElo "2461"]
[PlyCount "81"]
[EventDate "2013.06.24"]
[EventType "swiss"]
[EventRounds "9"]
[EventCountry "SUI"]
[Source "Mark Crowther"]
[SourceDate "2013.07.01"]

1. c4 c5 2. g3 Nf6 3. Bg2 e6 4. Nf3 Be7 5. O-O O-O 6. d4 cxd4 7. Nxd4 a6 8. Nc3
Qc7 9. Nb3 d6 10. Be3 Nbd7 11. Rc1 Rb8 12. Ba7 Ra8 13. Bd4 Rb8 14. e4 b6 15.
Qe2 Bb7 16. Nd2 Rbc8 17. b4 Rfe8 18. f4 e5 19. Be3 exf4 20. gxf4 Bf8 21. Bf3
Qb8 22. Qf2 d5 23. Nxd5 Nxd5 24. cxd5 Rxc1 25. Rxc1 Bxb4 26. Nb3 Nf6 27. Qg2
Ba3 28. Rd1 Bf8 29. e5 Nd7 30. Nd4 Bc5 31. Nf5 Bxe3+ 32. Nxe3 g6 33. Nc4 Qc7
34. Nd6 Qc5+ 35. Kh1 Rb8 36. Nxb7 Rxb7 37. e6 Nf6 38. d6 Rb8 39. e7 Ne8 40. Qe2
Nxd6 41. Qe5 1-0

[Event "Geneva op A"]
[Site "Geneva SUI"]
[Date "2013.06.27"]
[Round "5.4"]
[White "Hambleton, Aman"]
[Black "Skouvaklis, Alexis"]
[Result "1-0"]
[WhiteElo "2461"]
[BlackElo "2166"]
[PlyCount "71"]
[EventDate "2013.06.24"]
[EventType "swiss"]
[EventRounds "9"]
[EventCountry "SUI"]
[Source "Mark Crowther"]
[SourceDate "2013.07.01"]

1. d4 d5 2. c4 c6 3. Nf3 Nf6 4. e3 e6 5. Bd3 Nbd7 6. b3 b6 7. O-O Bb7 8. Bb2
Be7 9. Nc3 O-O 10. Qc2 h6 11. Rad1 Qc7 12. Qe2 Rac8 13. Ne5 c5 14. Nb5 Qb8 15.
cxd5 Bxd5 16. Nxd7 Nxd7 17. dxc5 bxc5 18. Bb1 Nf6 19. Na3 Bc6 20. e4 Rfd8 21.
Nc4 Rxd1 22. Rxd1 Rd8 23. Re1 Qb4 24. Rc1 Bb5 25. Bd3 Bxc4 26. Rxc4 Qa5 27. Bc3
Qc7 28. Bc2 e5 29. Ra4 Rd7 30. g3 Nh7 31. Bd3 Ng5 32. Bb5 Rd4 33. Bxd4 cxd4 34.
Rc4 Qd8 35. Rc6 f5 36. Qc4+ 1-0

[Event "Geneva op A"]
[Site "Geneva SUI"]
[Date "2013.06.29"]
[Round "7.2"]
[White "Bauer, Ch"]
[Black "Hambleton, Aman"]
[Result "1-0"]
[WhiteElo "2637"]
[BlackElo "2461"]
[PlyCount "81"]
[EventDate "2013.06.24"]
[EventType "swiss"]
[EventRounds "9"]
[EventCountry "SUI"]
[Source "Mark Crowther"]
[SourceDate "2013.07.01"]

1. e4 e6 2. d4 d5 3. Nd2 h6 4. Ngf3 Nf6 5. e5 Nfd7 6. Bd3 c5 7. c3 Nc6 8. a3
Qb6 9. O-O cxd4 10. cxd4 Nxd4 11. Nxd4 Qxd4 12. Nf3 Qb6 13. Qa4 Qd8 14. Be3 Be7
15. Rac1 Kf8 16. Rc3 g5 17. Rfc1 Kg7 18. Rc7 Nf8 19. h4 Bd7 20. Qd4 Bc6 21.
Rxe7 Qxe7 22. hxg5 h5 23. Qf4 Kg8 24. Bc5 Qe8 25. Nd4 Bd7 26. Re1 Rc8 27. Bd6
h4 28. Kh2 Ng6 29. Qf6 Rh7 30. Re3 Rg7 31. f4 Rc1 32. f5 Nf4 33. fxe6 Nh5 34.
exd7 Qxd7 35. Qf5 Qd8 36. Ne2 Re1 37. g6 fxg6 38. Qe6+ Kh7 39. Qg4 Ng3 40. Nxg3
Rxe3 41. Nh5 1-0

[Event "Geneva op A"]
[Site "Geneva SUI"]
[Date "2013.06.30"]
[Round "9.3"]
[White "Hambleton, Aman"]
[Black "Mamedjarova, Zeinab"]
[Result "1-0"]
[WhiteElo "2461"]
[BlackElo "2264"]
[PlyCount "83"]
[EventDate "2013.06.24"]
[EventType "swiss"]
[EventRounds "9"]
[EventCountry "SUI"]
[Source "Mark Crowther"]
[SourceDate "2013.07.01"]

1. d4 d5 2. c4 e6 3. Nc3 c6 4. e3 f5 5. g4 Nf6 6. gxf5 exf5 7. Qb3 dxc4 8. Bxc4
Qe7 9. Nf3 b5 10. Bf1 Be6 11. Qc2 Nbd7 12. Ng5 Nd5 13. Nxe6 Qxe6 14. Nxd5 Qxd5
15. Rg1 Nf6 16. Rg5 Bb4+ 17. Ke2 O-O 18. Bg2 Qd6 19. a3 Ba5 20. b4 Bb6 21. Qxc6
Qxc6 22. Bxc6 Rac8 23. d5 Ne4 24. Rg2 Rfd8 25. Kf1 g6 26. Bb2 a6 27. h4 Kf7 28.
h5 Nd2+ 29. Ke2 Nc4 30. hxg6+ hxg6 31. Bc3 Bc7 32. Rag1 Be5 33. Be1 Rd6 34. Rh1
Nxa3 35. Rh7+ Bg7 36. Bc3 Rg8 37. Be5 Rdd8 38. d6 Kf8 39. Bf4 Nc4 40. Bd5 Nxd6
41. Rxg6 Nf7 42. Be6 1-0

[Event "e2e4 Sunningdale op"]
[Site "Ascot ENG"]
[Date "2013.05.24"]
[Round "1"]
[White "Sara, Valerio"]
[Black "Hambleton, Aman"]
[Result "0-1"]
[WhiteElo "2048"]
[BlackElo "2468"]
[PlyCount "54"]
[EventDate "2013.05.24"]
[EventType "swiss"]
[EventRounds "7"]
[EventCountry "ENG"]
[Source "Mark Crowther"]
[SourceDate "2013.05.27"]

1. d4 e6 2. Nf3 Nf6 3. c4 b6 4. g3 Ba6 5. b3 Bb7 6. Bg2 Bb4+ 7. Bd2 c5 8. O-O
O-O 9. a3 Bxd2 10. Qxd2 cxd4 11. Qxd4 Nc6 12. Qf4 d5 13. Nbd2 Qe7 14. Ne5 Nxe5
15. Qxe5 Rfd8 16. Rfd1 Rac8 17. Rac1 Qxa3 18. Ra1 Qc5 19. Rxa7 Bc6 20. Qa1 dxc4
21. bxc4 Ng4 22. Nf3 Qxf2+ 23. Kh1 Rxd1+ 24. Qxd1 Qxg2+ 25. Kxg2 Ne3+ 26. Kh3
Nxd1 27. Ne5 Nf2+ 0-1

[Event "e2e4 Sunningdale op"]
[Site "Ascot ENG"]
[Date "2013.05.25"]
[Round "2"]
[White "Hambleton, Aman"]
[Black "Poobalasingam, Peter"]
[Result "1-0"]
[WhiteElo "2468"]
[BlackElo "2211"]
[PlyCount "97"]
[EventDate "2013.05.24"]
[EventType "swiss"]
[EventRounds "7"]
[EventCountry "ENG"]
[Source "Mark Crowther"]
[SourceDate "2013.05.27"]

1. d4 Nf6 2. c4 g6 3. Nc3 d5 4. cxd5 Nxd5 5. Bd2 Bg7 6. e4 Nxc3 7. Bxc3 O-O 8.
Qd2 c5 9. d5 e6 10. Bc4 exd5 11. Bxd5 Nd7 12. Bxg7 Kxg7 13. h4 h6 14. O-O-O Nb6
15. Qc3+ Qf6 16. Ne2 Qxc3+ 17. Nxc3 Rb8 18. f3 Bd7 19. h5 g5 20. Rd2 Rfc8 21.
Bb3 c4 22. Bc2 Kf6 23. Rd6+ Be6 24. Rhd1 Ke7 25. Nb5 Rc5 26. a4 Nd7 27. Nxa7
Ne5 28. Rb6 Ra5 29. Rb5 Rxa7 30. Rxe5 Rc8 31. Rd4 Ra6 32. Kd2 Kf6 33. Rb5 Rc7
34. Kc3 Ke7 35. g3 f6 36. e5 fxe5 37. Rxe5 Kf6 38. Rb5 Bf7 39. g4 Re7 40. f4
Rae6 41. fxg5+ hxg5 42. Rf5+ Kg7 43. Rxg5+ Kh6 44. Rc5 Re2 45. g5+ Kg7 46. h6+
Kf8 47. Rc8+ Be8 48. Rf4+ Kg8 49. Bg6 1-0

[Event "e2e4 Sunningdale op"]
[Site "Ascot ENG"]
[Date "2013.05.25"]
[Round "3"]
[White "Hambleton, Aman"]
[Black "Williams, Si1"]
[Result "1-0"]
[WhiteElo "2468"]
[BlackElo "2511"]
[PlyCount "61"]
[EventDate "2013.05.24"]
[EventType "swiss"]
[EventRounds "7"]
[EventCountry "ENG"]
[Source "Mark Crowther"]
[SourceDate "2013.05.27"]

1. d4 e6 2. c4 f5 3. g3 Nf6 4. Bg2 Be7 5. Nh3 d6 6. b3 e5 7. Bb2 Ng4 8. O-O O-O
9. Qd2 Nc6 10. Bd5+ Kh8 11. f3 Ne3 12. Qxe3 f4 13. Nxf4 exf4 14. gxf4 Nb4 15.
Be4 d5 16. cxd5 Bh3 17. Nc3 Bd6 18. Qf2 Bxf4 19. Rfd1 c6 20. dxc6 bxc6 21. d5
c5 22. Kh1 Be5 23. Na4 Bxb2 24. Nxb2 Qf6 25. Nc4 Rae8 26. Qg3 Qh6 27. d6 Rxe4
28. fxe4 Nc2 29. Ne5 Nxa1 30. d7 Bxd7 31. Nf7+ 1-0

[Event "e2e4 Sunningdale op"]
[Site "Ascot ENG"]
[Date "2013.05.26"]
[Round "4"]
[White "Arkell, Keith"]
[Black "Hambleton, Aman"]
[Result "1/2-1/2"]
[WhiteElo "2472"]
[BlackElo "2468"]
[PlyCount "72"]
[EventDate "2013.05.24"]
[EventType "swiss"]
[EventRounds "7"]
[EventCountry "ENG"]
[Source "Mark Crowther"]
[SourceDate "2013.05.27"]

1. d4 e6 2. Nf3 Nf6 3. Bg5 h6 4. Bxf6 Qxf6 5. e4 d6 6. Nc3 Nd7 7. Bc4 c6 8. O-O
e5 9. d5 Nb6 10. Be2 Qd8 11. a4 a5 12. Nd2 Be7 13. Nc4 Nxc4 14. Bxc4 O-O 15.
Ra3 g6 16. Rb3 Kg7 17. Qd3 Qc7 18. f4 exf4 19. Rxf4 Qd8 20. Qf1 Bg5 21. Rf3 Qe7
22. Rb6 Bf6 23. dxc6 Bd4+ 24. Kh1 bxc6 25. Rxc6 Bxc3 26. Rxc3 Bb7 27. Rb6 Bxe4
28. Qf2 Rab8 29. Rcb3 Rxb6 30. Rxb6 Bxc2 31. h3 Bxa4 32. b3 Be8 33. Qd4+ Qe5
34. Qxd6 Qxd6 35. Rxd6 f5 36. Ra6 Bf7 1/2-1/2

[Event "e2e4 Sunningdale op"]
[Site "Ascot ENG"]
[Date "2013.05.26"]
[Round "5"]
[White "Hambleton, Aman"]
[Black "Bates, Richard"]
[Result "1-0"]
[WhiteElo "2468"]
[BlackElo "2376"]
[PlyCount "79"]
[EventDate "2013.05.24"]
[EventType "swiss"]
[EventRounds "7"]
[EventCountry "ENG"]
[Source "Mark Crowther"]
[SourceDate "2013.05.27"]

1. d4 Nf6 2. c4 g6 3. Nc3 Bg7 4. e4 d6 5. f3 O-O 6. Be3 c5 7. dxc5 dxc5 8. Qxd8
Rxd8 9. Bxc5 Nc6 10. Nd5 Nd7 11. Bxe7 Nxe7 12. Nxe7+ Kf8 13. Nd5 Bxb2 14. Rb1
Be5 15. Nh3 Nc5 16. Nf2 b6 17. Nd3 Bd4 18. Nxc5 Bxc5 19. Bd3 Ba6 20. Ke2 Rac8
21. h4 Bd4 22. Rb4 Bb7 23. h5 Rc5 24. Ra4 a5 25. hxg6 hxg6 26. Rb1 Rc6 27. Ra3
Kg7 28. Rab3 Rh8 29. f4 Re6 30. Kf3 f5 31. e5 g5 32. Bxf5 Rc6 33. Kg4 gxf4 34.
Nxb6 Rh2 35. Nd5 Rxg2+ 36. Kxf4 Ba8 37. Rh3 Rf2+ 38. Ke4 Rxf5 39. Kxf5 Rxc4 40.
Nf6 1-0

[Event "e2e4 Sunningdale op"]
[Site "Ascot ENG"]
[Date "2013.05.27"]
[Round "7"]
[White "Hambleton, Aman"]
[Black "Eggleston, David"]
[Result "1-0"]
[WhiteElo "2468"]
[BlackElo "2354"]
[PlyCount "73"]
[EventDate "2013.05.24"]
[EventType "swiss"]
[EventRounds "7"]
[EventCountry "ENG"]
[Source "Mark Crowther"]
[SourceDate "2013.05.27"]

1. d4 Nf6 2. c4 e6 3. Nc3 Bb4 4. Qc2 O-O 5. a3 Bxc3+ 6. Qxc3 b6 7. Bg5 Bb7 8.
f3 d5 9. e3 Nbd7 10. cxd5 Nxd5 11. Bxd8 Nxc3 12. Bh4 Nd5 13. Bf2 c5 14. Bb5
Rfd8 15. e4 Nf4 16. Ne2 a6 17. Bc4 b5 18. Nxf4 bxc4 19. dxc5 Rdc8 20. O-O-O
Nxc5 21. Bxc5 Rxc5 22. Rd7 Rb8 23. Rhd1 g6 24. Rd8+ Rxd8 25. Rxd8+ Kg7 26. Rd7
Rb5 27. Nxe6+ Kf6 28. Nd8 Bc8 29. Rxf7+ Ke5 30. Rc7 Rb8 31. Rxc4 Bd7 32. Nc6+
Bxc6 33. Rxc6 Kf4 34. Rxa6 Ke3 35. Rc6 Kf2 36. Rc2+ Kg1 37. h3 1-0

[Event "Fourmies op"]
[Site "Fourmies FRA"]
[Date "2013.05.18"]
[Round "2.6"]
[White "Gambee, Kevin"]
[Black "Hambleton, Aman"]
[Result "0-1"]
[WhiteElo "2121"]
[BlackElo "2468"]
[PlyCount "106"]
[EventDate "2013.05.18"]
[EventType "swiss"]
[EventRounds "7"]
[EventCountry "FRA"]

1. e4 b6 2. d4 Bb7 3. Nc3 e6 4. a3 Nf6 5. Bd3 c5 6. Nf3 cxd4 7. Nxd4 d6 8. O-O
Nbd7 9. b4 Be7 10. Bb2 O-O 11. f4 Re8 12. Qe2 Bf8 13. Rad1 Qc7 14. Ncb5 Qb8 15.
c4 a6 16. Nc3 Qc7 17. Nf3 Rac8 18. Rc1 Qb8 19. Nd1 g6 20. Nf2 Nh5 21. g3 Qa8
22. Nh4 Rc7 23. Rc2 Be7 24. Qe3 e5 25. Ng2 Bf6 26. Ng4 Bg7 27. f5 Ndf6 28.
Nxf6+ Nxf6 29. Re2 Rcc8 30. h3 a5 31. Ne1 axb4 32. axb4 b5 33. c5 dxc5 34. Bxb5
cxb4 35. fxg6 hxg6 36. Bxe8 Rxe8 37. Ref2 Qd8 38. Nc2 Qd6 39. Rd2 Qe6 40. Kh2
Nxe4 41. Rd3 Bf8 42. Qe1 Ng5 43. g4 e4 44. Re3 Bd6+ 45. Kh1 Nf3 46. Qf2 Bc5 47.
Rd1 Qa2 48. Qxf3 exf3 49. Rxe8+ Bf8 50. Rxf8+ Kxf8 51. Bf6 f2+ 52. Kh2 Qa5 53.
Ne3 Qc7+ 0-1

[Event "Fourmies op"]
[Site "Fourmies FRA"]
[Date "2013.05.19"]
[Round "4.3"]
[White "Dubessay, Bastien"]
[Black "Hambleton, Aman"]
[Result "1-0"]
[WhiteElo "2378"]
[BlackElo "2468"]
[PlyCount "87"]
[EventDate "2013.05.18"]
[EventType "swiss"]
[EventRounds "7"]
[EventCountry "FRA"]

1. d4 Nf6 2. c4 c5 3. d5 b5 4. cxb5 a6 5. bxa6 g6 6. Nc3 Bxa6 7. Nf3 d6 8. g3
Bg7 9. Bg2 Nbd7 10. Rb1 Nb6 11. b3 O-O 12. O-O Bb7 13. e4 Nxe4 14. Nxe4 Rxa2
15. Bd2 Nxd5 16. Rc1 Qb6 17. Bc3 Nxc3 18. Nxc3 Ra3 19. Nd2 Bxg2 20. Kxg2 Qb7+
21. Kg1 Rb8 22. Re1 Bd4 23. Ne2 Bg7 24. Qc2 e6 25. Rcd1 Bf8 26. Ne4 d5 27. Nf6+
Kg7 28. Nxd5 Rxb3 29. Ne3 h5 30. Nc1 Rb2 31. Qc3+ Kg8 32. Nc4 Bg7 33. Qd3 Rb4
34. Nd6 Qc6 35. Nc4 h4 36. Ne2 Bf6 37. Qd6 Qf3 38. Nd2 Qf5 39. Qc6 Rd8 40. Nf1
Rxd1 41. Rxd1 Rb2 42. Ne3 Qh5 43. Nf4 Qe5 44. Nd3 1-0

[Event "Americas Continental"]
[Site "Cochabamba BOL"]
[Date "2013.05.13"]
[Round "9.8"]
[White "Hambleton, Aman"]
[Black "Gutierrez, Carmelo"]
[Result "1-0"]
[WhiteElo "2468"]
[BlackElo "2253"]
[PlyCount "81"]
[EventDate "2013.05.07"]
[EventType "swiss"]
[EventRounds "11"]
[EventCountry "BOL"]

1. d4 d5 2. c4 c6 3. Nf3 Nf6 4. e3 Bg4 5. h3 Bxf3 6. Qxf3 e6 7. Nc3 Nbd7 8. Bd3
Bd6 9. cxd5 exd5 10. g4 g6 11. Bd2 Qe7 12. O-O-O O-O-O 13. Qg2 Nb6 14. f3 Bb4
15. Qe2 Rhe8 16. Rhe1 Rd6 17. a3 Bxc3 18. Bxc3 Re6 19. Bb4 Qc7 20. Qf2 Kb8 21.
Kb1 Nc8 22. Rc1 Qd7 23. Qh4 Qd8 24. Qh6 a5 25. Bd2 Rh8 26. a4 b6 27. Rc3 Kb7
28. Rb3 Ka7 29. Rc1 Qf8 30. Qh4 Qd6 31. Qe1 Qd8 32. Bxa5 Nd7 33. Bd2 h5 34.
Rbc3 hxg4 35. hxg4 Ne7 36. R3c2 Qb8 37. a5 Rh2 38. axb6+ Qxb6 39. Ba5 Qb8 40.
Rxh2 Qxh2 41. Bd8 1-0

[Event "Americas Continental"]
[Site "Cochabamba BOL"]
[Date "2013.05.14"]
[Round "10.4"]
[White "Flores, Diego"]
[Black "Hambleton, Aman"]
[Result "1-0"]
[WhiteElo "2586"]
[BlackElo "2468"]
[PlyCount "71"]
[EventDate "2013.05.07"]
[EventType "swiss"]
[EventRounds "11"]
[EventCountry "BOL"]

1. c4 c5 2. g3 Nf6 3. Bg2 e6 4. Nf3 Qc7 5. O-O a6 6. Nc3 d6 7. d4 cxd4 8. Nxd4
Be7 9. b3 O-O 10. Bb2 Ra7 11. Rc1 b6 12. e4 Nbd7 13. Nd5 exd5 14. cxd5 Qb7 15.
Nc6 Ne5 16. Bxe5 dxe5 17. Nxa7 Bg4 18. f3 Bc5+ 19. Rxc5 bxc5 20. Nc6 Bh5 21.
Qa1 Qb6 22. Qxe5 Re8 23. Qc3 Bg6 24. Qa5 Qb5 25. Qxb5 axb5 26. Rc1 Nd7 27. Bf1
f5 28. e5 Nxe5 29. Nxe5 Rxe5 30. Bxb5 Kf8 31. Rxc5 Re1+ 32. Kf2 Ra1 33. d6
Rxa2+ 34. Ke3 Ra8 35. d7 Rd8 36. Re5 1-0

[Event "Vandoeuvre op"]
[Site "Vandoeuvre FRA"]
[Date "2013.01.02"]
[Round "1"]
[White "Hambleton, Aman"]
[Black "Schartz, Alain"]
[Result "1-0"]
[WhiteElo "2462"]
[BlackElo "2159"]
[PlyCount "147"]
[EventDate "2013.01.02"]
[EventType "swiss"]
[EventRounds "9"]
[EventCountry "FRA"]

1. d4 d5 2. c4 e6 3. Nc3 Nf6 4. cxd5 exd5 5. Bg5 Be7 6. e3 c6 7. Bd3 Nbd7 8.
Qc2 O-O 9. Nge2 Re8 10. O-O Nf8 11. f3 Be6 12. Bh4 Rc8 13. Bf2 c5 14. dxc5 Bxc5
15. Rac1 Bd7 16. Qd2 Qb6 17. Nd4 Ne6 18. Nce2 Bxd4 19. Nxd4 Nxd4 20. exd4 Bb5
21. Bf5 Bxf1 22. Rxc8 Rxc8 23. Bxc8 Bb5 24. Bf5 Bd7 25. Bd3 Ne8 26. b3 h6 27.
Qe1 Kf8 28. g4 Be6 29. Kg2 Nf6 30. Qe5 Nd7 31. Qe2 Nf6 32. Bb1 a5 33. Bd3 Bd7
34. h4 a4 35. bxa4 Bxa4 36. Qe5 Qd8 37. Be1 Qe7 38. Kf1 Ne8 39. h5 Bc6 40. Kf2
Qa3 41. Qe2 Qd6 42. Kg2 Qe7 43. Qf2 Nf6 44. Bd2 Qa3 45. Qe2 Qb2 46. Be3 Qxe2+
47. Bxe2 Nd7 48. Bd2 Nb6 49. Bb4+ Kg8 50. Bd3 Nd7 51. Kg3 f6 52. Bf5 Kf7 53.
Bg6+ Kg8 54. Kf4 Nb6 55. Ke3 Nc4+ 56. Kd3 Bb5 57. Kc3 Ne3 58. Be7 Bd7 59. Kb4
f5 60. g5 hxg5 61. Bxg5 Nc4 62. Kc5 Be6 63. Bf4 Kf8 64. Bd6+ Kg8 65. f4 Nd2 66.
Kb6 Nc4+ 67. Kc7 b6 68. Kc6 Bc8 69. Kxd5 Nd2 70. Kc6 Nc4 71. Be7 Ne3 72. d5 Ng2
73. Bg5 Ne3 74. d6 1-0

[Event "Vandoeuvre op"]
[Site "Vandoeuvre FRA"]
[Date "2013.01.02"]
[Round "2"]
[White "Minko, Vladimir"]
[Black "Hambleton, Aman"]
[Result "0-1"]
[WhiteElo "2301"]
[BlackElo "2462"]
[PlyCount "96"]
[EventDate "2013.01.02"]
[EventType "swiss"]
[EventRounds "9"]
[EventCountry "FRA"]

1. d4 e6 2. c4 Nf6 3. g3 d5 4. Nf3 Bb4+ 5. Bd2 Be7 6. Bg2 O-O 7. O-O c6 8. Nc3
b6 9. Bf4 Ba6 10. cxd5 cxd5 11. Rc1 Nh5 12. Bxb8 Qxb8 13. Ne5 Nf6 14. Qa4 Qb7
15. b4 b5 16. Qb3 Rac8 17. Nd3 Qb6 18. Nc5 Bb7 19. a4 Bc6 20. a5 Qb8 21. a6
Rfd8 22. Na2 Ne8 23. Rc2 Nd6 24. Nc1 Nc4 25. N1d3 Bd6 26. e3 Re8 27. Re2 Rc7
28. Rd1 Rd8 29. f4 Bf8 30. Ne5 Be8 31. e4 dxe4 32. Bxe4 Qb6 33. Ra2 Nd6 34. Bd3
Nf5 35. Bxf5 exf5 36. Rad2 Qd6 37. Nb7 Qd5 38. Qxd5 Rxd5 39. Nc5 f6 40. Nf3 Bh5
41. Kf2 Rc6 42. Ra1 Rcd6 43. Ra5 Be8 44. Ne1 Rxd4 45. Rxd4 Rxd4 46. Ne6 Rd2+
47. Ke3 Bxb4 48. Ra1 Rd7 0-1

[Event "Vandoeuvre op"]
[Site "Vandoeuvre FRA"]
[Date "2013.01.03"]
[Round "3"]
[White "Hambleton, Aman"]
[Black "Sanikidze, Tornike"]
[Result "1/2-1/2"]
[WhiteElo "2462"]
[BlackElo "2567"]
[PlyCount "87"]
[EventDate "2013.01.02"]
[EventType "swiss"]
[EventRounds "9"]
[EventCountry "FRA"]

1. d4 d5 2. c4 e6 3. Nc3 Bb4 4. Nf3 Nf6 5. Bg5 h6 6. Bxf6 Qxf6 7. e3 c6 8. Rc1
Nd7 9. Be2 O-O 10. O-O Re8 11. Qb3 Bf8 12. Rfd1 Qe7 13. Qc2 a6 14. a3 b5 15.
cxd5 cxd5 16. e4 Nb6 17. exd5 exd5 18. Ne5 Be6 19. Bf3 Rac8 20. Qb3 Qd6 21. Re1
Nc4 22. Rcd1 Be7 23. g3 Bf6 24. Nxc4 bxc4 25. Qa4 Red8 26. Qa5 Rd7 27. Na4 Rb7
28. Nc5 Rxb2 29. Nxe6 Rb5 30. Qa4 fxe6 31. Bg4 Re8 32. Re3 Kh8 33. Kg2 Qb6 34.
Rde1 Qxd4 35. Bxe6 Rf8 36. Qxa6 Rb6 37. Qa5 Bg5 38. f4 Rb2+ 39. Kh3 Bf6 40.
Qxd5 c3 41. R3e2 Qb6 42. Bf5 Rb5 43. Qe6 Qxe6 44. Bxe6 1/2-1/2

[Event "Vandoeuvre op"]
[Site "Vandoeuvre FRA"]
[Date "2013.01.03"]
[Round "4"]
[White "Malakhatko, Vadim"]
[Black "Hambleton, Aman"]
[Result "0-1"]
[WhiteElo "2550"]
[BlackElo "2462"]
[PlyCount "76"]
[EventDate "2013.01.02"]
[EventType "swiss"]
[EventRounds "9"]
[EventCountry "FRA"]

1. d4 e6 2. c4 Nf6 3. Nf3 b6 4. g3 Ba6 5. b3 Bb7 6. Bg2 Bb4+ 7. Bd2 c5 8. O-O
O-O 9. Bc3 Na6 10. Bb2 cxd4 11. Qxd4 Be7 12. Nc3 Nc5 13. Rac1 a6 14. Rfd1 d6
15. Ng5 Bxg2 16. Kxg2 Qc7 17. Nge4 Qb7 18. f3 Rfd8 19. Nxc5 bxc5 20. Qf4 d5 21.
cxd5 exd5 22. Na4 Rac8 23. Rc2 d4 24. e4 c4 25. Rxd4 cxb3 26. Rxc8 Rxc8 27.
axb3 Rc2+ 28. Rd2 Qxb3 29. e5 Nd5 30. Qd4 Rxd2+ 31. Qxd2 Qxa4 32. Qxd5 Qc2+ 33.
Kh3 Qxb2 34. e6 Qf6 35. exf7+ Kf8 36. f4 g6 37. Kg2 Kg7 38. Qa2 Bb4 0-1

[Event "Vandoeuvre op"]
[Site "Vandoeuvre FRA"]
[Date "2013.01.04"]
[Round "5"]
[White "Hambleton, Aman"]
[Black "David, Alberto"]
[Result "1/2-1/2"]
[WhiteElo "2462"]
[BlackElo "2599"]
[PlyCount "133"]
[EventDate "2013.01.02"]
[EventType "swiss"]
[EventRounds "9"]
[EventCountry "FRA"]

1. d4 d6 2. e4 Nf6 3. f3 d5 4. e5 Nfd7 5. f4 c5 6. Nf3 cxd4 7. Nxd4 e6 8. Nd2
Nxe5 9. c3 Nec6 10. N2f3 Nxd4 11. Nxd4 Nc6 12. Be3 Be7 13. Bd3 Bf6 14. Qd2 Bd7
15. O-O Nxd4 16. Bxd4 Bxd4+ 17. cxd4 Qb6 18. Be2 O-O 19. Rfc1 Rfc8 20. b3 a5
21. Kf2 h6 22. Ke3 Qb4 23. Rxc8+ Rxc8 24. Rc1 Rxc1 25. Qxc1 Bc6 26. Qd2 Qa3 27.
Kf2 Kf8 28. g3 Ke7 29. Bd3 Kd8 30. Be2 Kc7 31. Bh5 g6 32. Be2 Kb6 33. Kg2 Bb5
34. Bd1 Ba6 35. Kf2 h5 36. Kg2 Bb5 37. Kf2 a4 38. Ke1 axb3 39. axb3 Qa5 40.
Qxa5+ Kxa5 41. Kd2 Kb4 42. Kc2 Bf1 43. g4 hxg4 44. Bxg4 f5 45. Bf3 Bh3 46. Be2
b5 47. Bd3 Bg4 48. h4 Bh5 49. Bf1 Bf3 50. Kb2 Bd1 51. Bd3 Ka5 52. Ka3 b4+ 53.
Kb2 Kb6 54. Bc2 Bf3 55. Kc1 Kc7 56. Bd1 Bxd1 57. Kxd1 Kd6 58. Ke2 Ke7 59. Kf3
Kf6 60. Kg3 Kg7 61. Kh3 Kh6 62. Kg3 Kh5 63. Kh3 Kh6 64. Kg3 Kh5 65. Kh3 Kh6 66.
Kg3 Kh5 67. Kh3 1/2-1/2

[Event "Vandoeuvre op"]
[Site "Vandoeuvre FRA"]
[Date "2013.01.04"]
[Round "6"]
[White "Collins, Sam"]
[Black "Hambleton, Aman"]
[Result "1-0"]
[WhiteElo "2471"]
[BlackElo "2462"]
[PlyCount "79"]
[EventDate "2013.01.02"]
[EventType "swiss"]
[EventRounds "9"]
[EventCountry "FRA"]

1. e4 e6 2. d4 d5 3. Nc3 Bb4 4. a3 Bxc3+ 5. bxc3 dxe4 6. Qg4 Nf6 7. Qxg7 Rg8 8.
Qh6 Rg6 9. Qe3 Nc6 10. Ne2 Ne7 11. Ng3 Ned5 12. Qd2 Bd7 13. c4 Nb6 14. Qa5 Bc6
15. c3 Ng4 16. Ra2 f5 17. Bf4 Qe7 18. h3 Nf6 19. Qe5 Nfd7 20. Qa5 Rc8 21. d5
exd5 22. Nxf5 Qf6 23. g4 Nxc4 24. Bxc4 dxc4 25. Re2 b6 26. Qa6 Qxc3+ 27. Kf1
Rd8 28. Re3 Qa1+ 29. Re1 Nc5 30. Qxa7 Qxe1+ 31. Kxe1 Nd3+ 32. Kd2 Nxf4+ 33. Kc1
Kd7 34. Qa6 e3 35. Rd1+ Nd3+ 36. Rxd3+ cxd3 37. Qxd3+ Ke8 38. Qxe3+ Kd7 39.
Qd4+ Ke8 40. Qh8+ 1-0

[Event "Vandoeuvre op"]
[Site "Vandoeuvre FRA"]
[Date "2013.01.05"]
[Round "7"]
[White "Hambleton, Aman"]
[Black "Donchenko, Alexander"]
[Result "1/2-1/2"]
[WhiteElo "2462"]
[BlackElo "2401"]
[PlyCount "91"]
[EventDate "2013.01.02"]
[EventType "swiss"]
[EventRounds "9"]
[EventCountry "FRA"]

1. d4 d5 2. c4 dxc4 3. e4 e5 4. Nf3 exd4 5. Bxc4 Bb4+ 6. Bd2 Bxd2+ 7. Nbxd2 Nc6
8. O-O Qf6 9. b4 a6 10. e5 Qg6 11. Nb3 Nge7 12. Nbxd4 Bg4 13. Qb3 Rd8 14. Nxc6
Nxc6 15. Nh4 Qh5 16. h3 O-O 17. hxg4 Qxh4 18. f4 Qxg4 19. e6 Nd4 20. exf7+ Kh8
21. Qd1 Qg6 22. Rc1 b5 23. Bb3 h6 24. Rxc7 Qe4 25. Qh5 Ne2+ 26. Kh2 Qd3 27. Qf3
Qd6 28. Rc6 Nd4 29. Rxd6 Nxf3+ 30. Rxf3 Rxd6 31. f5 Rf6 32. g4 g6 33. Kg3 Kg7
34. Be6 gxf5 35. gxf5 R6xf7 36. Bxf7 Kxf7 37. Rc3 Rd8 38. Kf4 Rd4+ 39. Ke5 Rxb4
40. Rc7+ Ke8 41. Ra7 Ra4 42. Ra8+ Kf7 43. Ra7+ Ke8 44. Ra8+ Kf7 45. Ra7+ Ke8
46. Ra8+ 1/2-1/2

[Event "Vandoeuvre op"]
[Site "Vandoeuvre FRA"]
[Date "2013.01.05"]
[Round "8"]
[White "Deimante, Daulyte"]
[Black "Hambleton, Aman"]
[Result "0-1"]
[WhiteElo "2223"]
[BlackElo "2462"]
[PlyCount "86"]
[EventDate "2013.01.02"]
[EventType "swiss"]
[EventRounds "9"]
[EventCountry "FRA"]

1. e4 b6 2. d4 Bb7 3. Nc3 e6 4. Bd3 Bb4 5. Nge2 Ne7 6. O-O Nbc6 7. Be3 O-O 8.
Ng3 Bxc3 9. bxc3 f5 10. Qd2 fxe4 11. Bxe4 Ba6 12. Rfe1 d5 13. Bf3 Rxf3 14. gxf3
Ng6 15. Bg5 Qd7 16. h4 h6 17. h5 Nh8 18. Bh4 Nf7 19. Qf4 Rf8 20. Qg4 Bc8 21.
Bf6 Nd6 22. Be5 Nxe5 23. dxe5 Nc4 24. f4 Qf7 25. Ne2 c5 26. Kh2 Bd7 27. Kh3 Be8
28. Kh4 Qe7+ 29. Kh3 Qf7 30. Kh4 Nd2 31. Rg1 Ne4 32. Rg2 Qe7+ 33. Kh3 Rf5 34.
f3 Rxh5+ 35. Qxh5 Bxh5 36. fxe4 Bf3 37. Rf2 dxe4 38. Ng1 Bh5 39. Re1 Qf7 40.
Kh2 Qf5 41. Re3 Bf3 42. Nh3 g5 43. Re1 g4 0-1

[Event "Vandoeuvre op"]
[Site "Vandoeuvre FRA"]
[Date "2013.01.06"]
[Round "9"]
[White "Hambleton, Aman"]
[Black "Haub, Thorsten Michael"]
[Result "1/2-1/2"]
[WhiteElo "2462"]
[BlackElo "2460"]
[PlyCount "89"]
[EventDate "2013.01.02"]
[EventType "swiss"]
[EventRounds "9"]
[EventCountry "FRA"]

1. d4 g6 2. c4 Bg7 3. e4 d6 4. Nc3 Nd7 5. Be3 e6 6. Nge2 Ne7 7. Qd2 h6 8. O-O-O
a6 9. Kb1 d5 10. Ng3 Nb6 11. c5 Nd7 12. exd5 exd5 13. Bd3 Nf6 14. f3 Be6 15.
Bc2 b6 16. Rhe1 Qd7 17. Na4 Qc6 18. cxb6 cxb6 19. Qb4 Nd7 20. Rc1 Qb7 21. Bf4
Rc8 22. Nc5 Nxc5 23. dxc5 O-O 24. Qxb6 Qa8 25. Rxe6 fxe6 26. Qxe6+ Rf7 27. Bd6
Rb8 28. Bxb8 Qxb8 29. Bb3 Qf4 30. c6 Qd4 31. Qe2 Kh7 32. Ne4 Nxc6 33. Rxc6 Re7
34. Bxd5 Qxd5 35. Rc2 a5 36. h4 Rb7 37. Nc3 Qc5 38. Qd2 Qe5 39. g4 Rb4 40. h5
gxh5 41. Qd3+ Kh8 42. Qd8+ Kh7 43. Qd3+ Kh8 44. Qd8+ Kh7 45. Qd3+ 1/2-1/2